000 00569nam a22002177a 4500
005 20170124110107.0
010 _aA-123264
020 _c00.00
035 _aA-123264
037 _bCen Lib/Ret
040 _aDPL
_bEN
082 _aN
_bDAV
100 _aDavidson, Lionel
_9101988
245 _aThe night of wenceslas /
_cby Lionel Davidson
260 _aLondon
_bVictor gollancz
_c1971
270 _bLondon
_a
300 _a223p.
_c16cm(Hb)
650 _aEnglish literature
_9101989
650 _aEnglishshort novels
_9101990
942 _2ddc
_cEN
_hN
_mDAV
999 _c130122
_d130122